000 nam a22 7a 4500
999 _c331353
_d331353
003 NUST
005 20170925124824.0
008 170925b xxu||||| |||| 00| 0 eng d
040 _cNUST
082 _a330
100 _aSaleem,Muhammad Talha Hammad,Muhammad & Malhi,Chaudhry waleed ilyas
_94978
245 _aare we willing to pay for enviromental goods? emperical estimates for pakistan
260 _aIslamabad
_c2016
300 _a45p.
942 _2ddc
_cTH